000 01328nam a2200349 a 4500
999 _c6968
_d6968
003 BLK
005 20241206141207.0
008 180412b bul|||||r ||||||| ||bul||
010 _aKNG00008230000
020 _a954-597-002-2
040 _aBLK
041 _aBUL
_cBUL
080 _aАнглийска литература
_b821.111
_x-312.4
_z821.111-312.4
100 1 _aЧейс, Джеймс Хадли
_eпърви автор
_9241644
139 _aЧейс, Джеймс Хадли
_bЧ 49
245 1 0 _aНаемникът
_bКримин. роман
_cДжеймс Хадли Чейс; прев. от англ. Павлина Чохаджиева.
257 _aGBR
260 _aСофия
_bФама
_c1993
300 _a206 с.
_c20 см
380 _aX
500 _aОриг. загл. In a Vain Shadow / James Hadley Chase. - 20 000 тир. ; Доп. тир. 1995.
653 _aкрими
653 _aромани
700 1 _aЧохаджиева, Павлина
_eпрев. от англ.
_9252003
852 _aЦб 174104
_bЦб
856 4 _qpdf
_u
_i0.00
_ldisable
856 4 _qpdf
_u
_i0.00
_ldisable
942 _cKNG
_n0
_08
_s1
944 _aCR
_c15.01.2003
_lЦветелина Шанова
_k30531
944 _aED
_c11.05.2017
_lф /
_kЛюдмила_Стоянова
999 _d6968